[Event "Madrid 2023-2024ch - Previa A"]
[Site "Madrid ESP"]
[Date "2024.02.07"]
[Round "2.35"]
[White "Villodre Miranda, Juan Alonso"]
[Black "Carbo de Haya, Jaime"]
[Result "0-1"]
[WhiteElo "1541"]
[BlackElo "1297"]
[PlyCount "73"]
[EventDate "2024.02.05"]
[EventType "swiss"]
[EventRounds "9"]
[EventCountry "ESP"]
[SourceTitle "Ajedrez en Madrid"]
[Source "lmi"]
[SourceDate "2024.02.06"]
[SourceVersion "1"]
[SourceVersionDate "2024.03.02"]
[SourceQuality "1"]

1. c4 c5 2. Nc3 Nf6 3. e4 Nc6 4. g3 d6 5. h3 g6 6. Bg2 Bg7 7. Nge2 O-O 8. O-O
a6 9. a4 Rb8 10. d3 Re8 11. f4 e6 12. Kh2 Qc7 13. Be3 b6 14. Qd2 Nb4 15. Na2 a5
16. Nxb4 axb4 17. Rab1 Bb7 18. g4 d5 19. cxd5 exd5 20. exd5 Bxd5 21. Bf2 Bxg2
22. Kxg2 Nd5 23. Rfc1 Qc6 24. Kh2 Qxa4 25. Ra1 Qd7 26. Bg3 Ne3 27. Bf2 Nd5 28.
Bg3 f5 29. g5 Qb7 30. Bf2 h6 31. h4 hxg5 32. hxg5 Kf7 33. Kg3 Rh8 34. Ng1 Rh5
35. Nh3 Rbh8 36. Rh1 Qe7 37. Rhe1 0-1

[Event "Madrid 2023-2024ch - Previa A"]
[Site "Madrid ESP"]
[Date "2024.02.12"]
[Round "3.1"]
[White "Ruiz Bellon, Manuel"]
[Black "Fernandez Aransay, Fernando"]
[Result "1-0"]
[WhiteElo "1843"]
[BlackElo "1789"]
[PlyCount "39"]
[EventDate "2024.02.05"]
[EventType "swiss"]
[EventRounds "9"]
[EventCountry "ESP"]
[SourceTitle "Ajedrez en Madrid"]
[Source "lmi"]
[SourceDate "2024.02.06"]
[SourceVersion "1"]
[SourceVersionDate "2024.03.02"]
[SourceQuality "1"]

1. e4 c5 2. Nc3 d6 3. d4 cxd4 4. Qxd4 Nc6 5. Qd2 Nf6 6. b3 g6 7. Bb2 Bg7 8.
O-O-O O-O 9. h4 h5 10. f3 a5 11. Bb5 Bd7 12. Kb1 Rc8 13. Nge2 Nb4 14. Bxd7 Nxd7
15. g4 Ne5 16. gxh5 b5 17. f4 Ng4 18. Nd4 gxh5 19. Ndxb5 Qb6 20. Nd4 1-0

[Event "Madrid 2023-2024ch - Previa A"]
[Site "Madrid ESP"]
[Date "2024.02.12"]
[Round "3.2"]
[White "Rodriguez Del Pino, Daniel"]
[Black "Pashov, Spas Nikolov"]
[Result "0-1"]
[WhiteElo "1841"]
[BlackElo "1772"]
[PlyCount "71"]
[EventDate "2024.02.05"]
[EventType "swiss"]
[EventRounds "9"]
[EventCountry "ESP"]
[SourceTitle "Ajedrez en Madrid"]
[Source "lmi"]
[SourceDate "2024.02.06"]
[SourceVersion "1"]
[SourceVersionDate "2024.03.02"]
[SourceQuality "1"]

1. e4 e5 2. Nf3 Nc6 3. Bc4 Bc5 4. b4 Bxb4 5. c3 Bc5 6. d4 exd4 7. cxd4 Bb4+ 8.
Bd2 Bxd2+ 9. Nbxd2 Nf6 10. e5 d5 11. exf6 dxc4 12. fxg7 Qe7+ 13. Kf1 Rg8 14.
Qc2 Be6 15. h4 Rxg7 16. Qb2 Qb4 17. Qc2 O-O-O 18. Rb1 Qa3 19. Nxc4 Qa6 20. Nfd2
Rxd4 21. Kg1 Bxc4 22. Nxc4 Qxc4 23. Qf5+ Qe6 24. Qb5 b6 25. Rc1 Kb7 26. Rh3 Qd5
27. Qf1 Ne5 28. Rhc3 c5 29. f3 Rxh4 30. Rd1 Qxa2 31. Re3 f6 32. Ra1 Rxg2+ 33.
Qxg2 Qxa1+ 34. Kf2 Qb2+ 35. Re2 Qd4+ 36. Kg3 0-1

[Event "Madrid 2023-2024ch - Previa A"]
[Site "Madrid ESP"]
[Date "2024.02.12"]
[Round "3.3"]
[White "Barahona Torrijos, Angel"]
[Black "Toledo Aguirre, Gonzalo"]
[Result "0-1"]
[WhiteElo "1717"]
[BlackElo "1824"]
[PlyCount "62"]
[EventDate "2024.02.05"]
[EventType "swiss"]
[EventRounds "9"]
[EventCountry "ESP"]
[SourceTitle "Ajedrez en Madrid"]
[Source "lmi"]
[SourceDate "2024.02.06"]
[SourceVersion "1"]
[SourceVersionDate "2024.03.02"]
[SourceQuality "1"]

1. e4 e6 2. d4 d5 3. Nc3 Bb4 4. Bd2 Ne7 5. e5 c5 6. Qg4 O-O 7. Nf3 f6 8. exf6
Rxf6 9. Ne5 Nbc6 10. Bg5 Nxe5 11. dxe5 Rf7 12. Bd3 Qc7 13. f4 c4 14. Be2 d4 15.
O-O dxc3 16. b3 Nf5 17. Rf3 Bd7 18. Bxc4 b5 19. Bd3 Bc6 20. Rh3 Be7 21. Bxf5
exf5 22. Qh4 g6 23. Rxc3 Bxg5 24. fxg5 Qxe5 25. Qb4 Qd5 26. Rg3 Re8 27. Rf1
Rfe7 28. h4 Re4 29. Qa5 Rxh4 30. Qxa7 f4 31. Rgf3 Qxg5 0-1

[Event "Madrid 2023-2024ch - Previa A"]
[Site "Madrid ESP"]
[Date "2024.02.12"]
[Round "3.4"]
[White "Calderon Rojo, Borja"]
[Black "Jafar Hussain, Yaser"]
[Result "0-1"]
[WhiteElo "1815"]
[BlackElo "1752"]
[PlyCount "84"]
[EventDate "2024.02.05"]
[EventType "swiss"]
[EventRounds "9"]
[EventCountry "ESP"]
[SourceTitle "Ajedrez en Madrid"]
[Source "lmi"]
[SourceDate "2024.02.06"]
[SourceVersion "1"]
[SourceVersionDate "2024.03.02"]
[SourceQuality "1"]

1. e4 c6 2. d4 d5 3. exd5 cxd5 4. Bd3 Nc6 5. c3 Nf6 6. h3 e5 7. dxe5 Nxe5 8.
Nf3 Nxd3+ 9. Qxd3 Bd6 10. O-O h6 11. Re1+ Be6 12. Nd4 O-O 13. Nxe6 fxe6 14.
Rxe6 Ne4 15. Be3 Nc5 16. Bxc5 Bxc5 17. Re2 Rxf2 18. Rxf2 Bxf2+ 19. Kxf2 Qb6+
20. Kg3 Qxb2 21. Qxd5+ Kh8 22. Qb3 Qxa1 23. Qxb7 Re8 24. Qb3 Re1 25. Nd2 Re3+
26. Nf3 Qxc3 27. Qb8+ Kh7 28. Qf4 Qd3 29. Kh2 Re2 30. Qf7 Qg6 31. Qxg6+ Kxg6
32. a3 Re3 33. a4 Ra3 34. Ne5+ Kf5 35. Nc6 Rxa4 36. Kg3 a6 37. Kf3 Rc4 38. g4+
Ke6 39. Nd8+ Kd7 40. Nb7 Kc7 41. Na5 Rc5 42. Nb3 Rc3+ 0-1

[Event "Madrid 2023-2024ch - Previa A"]
[Site "Madrid ESP"]
[Date "2024.02.12"]
[Round "3.5"]
[White "Garcia Galeote, Lorenzo"]
[Black "Martin-Buitrago Lopez, Antonio"]
[Result "1/2-1/2"]
[WhiteElo "1801"]
[BlackElo "1739"]
[PlyCount "170"]
[EventDate "2024.02.05"]
[EventType "swiss"]
[EventRounds "9"]
[EventCountry "ESP"]
[SourceTitle "Ajedrez en Madrid"]
[Source "lmi"]
[SourceDate "2024.02.06"]
[SourceVersion "1"]
[SourceVersionDate "2024.03.02"]
[SourceQuality "1"]

1. Nf3 Nf6 2. d4 e6 3. Nbd2 b6 4. e3 Bb7 5. Bd3 d5 6. O-O c5 7. c3 Be7 8. Ne5
O-O 9. f4 Ne4 10. Nxe4 dxe4 11. Bc4 Bd5 12. Bxd5 Qxd5 13. Qb3 f6 14. Ng4 Qxb3
15. axb3 h5 16. Nf2 f5 17. g3 Nc6 18. h4 Na5 19. dxc5 Nxb3 20. Ra3 Nxc5 21. b4
Nb7 22. Ra6 Nd6 23. Rd1 Rfd8 24. Kf1 Nc4 25. Ke2 Rxd1 26. Kxd1 Kf7 27. Kc2 Bd8
28. Nd1 b5 29. Nb2 Nxb2 30. Kxb2 Bb6 31. Kb3 Rd8 32. Ra2 Rd1 33. Rc2 Ke7 34. c4
bxc4+ 35. Kxc4 Rg1 36. Bb2 Bxe3 37. Bd4 Bxd4 38. Kxd4 Rd1+ 39. Ke3 Rd3+ 40. Kf2
Ra3 41. Rc7+ Kf6 42. b5 Ra2+ 43. Kf1 Rb2 44. Rxa7 Rxb5 45. Kf2 Rb2+ 46. Kf1 Rb6
47. Kf2 g6 48. Ra5 Rb2+ 49. Kf1 Rh2 50. Rb5 Rh1+ 51. Kf2 Ra1 52. Rb7 Ra2+ 53.
Kf1 Rd2 54. Ra7 Rd5 55. Kf2 e5 56. Ra6+ Kg7 57. Ra7+ Kh6 58. fxe5 Rxe5 59. Rb7
Rd5 60. Ra7 Rd2+ 61. Kf1 Rd3 62. Kf2 Rf3+ 63. Kg2 f4 64. gxf4 Rxf4 65. Kg3 Rg4+
66. Kh3 Rg1 67. Re7 Re1 68. Kg2 e3 69. Kf3 Rg1 70. Kxe3 Rg4 71. Re4 Rxe4+ 72.
Kxe4 Kg7 73. Kf3 Kf7 74. Ke3 Ke7 75. Kf3 Kf8 76. Kf2 Kg7 77. Ke3 Kf8 78. Kf2
Ke7 79. Kf3 Kd6 80. Kf4 Ke7 81. Ke5 Kf7 82. Kf4 Kf6 83. Ke4 g5 84. hxg5+ Kxg5
85. Kf3 Kh4 1/2-1/2

[Event "Madrid 2023-2024ch - Previa A"]
[Site "Madrid ESP"]
[Date "2024.02.12"]
[Round "3.6"]
[White "Sanchez Rodriguez, Jaime"]
[Black "Balsera Gomez, Antonio"]
[Result "1/2-1/2"]
[WhiteElo "1791"]
[BlackElo "1711"]
[PlyCount "114"]
[EventDate "2024.02.05"]
[EventType "swiss"]
[EventRounds "9"]
[EventCountry "ESP"]
[SourceTitle "Ajedrez en Madrid"]
[Source "lmi"]
[SourceDate "2024.02.06"]
[SourceVersion "1"]
[SourceVersionDate "2024.03.02"]
[SourceQuality "1"]

1. d4 d5 2. Bg5 Bf5 3. Nf3 f6 4. Bf4 g5 5. Bg3 e6 6. e3 h5 7. h3 Bd6 8. Bxd6
Qxd6 9. c3 Ne7 10. Bd3 Nd7 11. Bxf5 Nxf5 12. Qe2 O-O-O 13. Nbd2 e5 14. dxe5
Nxe5 15. O-O-O Qb6 16. Nd4 Nd6 17. N2b3 Ne4 18. Nf5 c5 19. Ne7+ Kb8 20. Nxd5
Qe6 21. c4 Nxc4 22. Qxc4 Nxf2 23. Nxc5 Rc8 24. Nxe6 Rxc4+ 25. Nc3 Nxh1 26. Rxh1
Re8 27. Ng7 Rxe3 28. Nxh5 Re2 29. Rf1 Rxg2 30. Nxf6 b5 31. a3 a5 32. Kb1 b4 33.
axb4 Rxb4 34. Nfe4 Rbxb2+ 35. Kc1 Rb4 36. Rf8+ Ka7 37. Rf5 a4 38. Rxg5 Rh2 39.
Rg7+ Kb8 40. Rg3 a3 41. Rg8+ Ka7 42. Rg7+ Kb8 43. Rg8+ Kb7 44. Rg7+ Kc6 45.
Rg6+ Kd7 46. Rd6+ Ke8 47. Ra6 Rb3 48. Ra8+ Ke7 49. Ra7+ Kf8 50. Ra8+ Kf7 51.
Ra7+ Kg6 52. Ra6+ Kh5 53. Ra5+ Kh4 54. Ra8 Rh1+ 55. Kc2 Rb2+ 56. Kd3 Rxh3+ 57.
Kc4 Rhh2 1/2-1/2

[Event "Madrid 2023-2024ch - Previa A"]
[Site "Madrid ESP"]
[Date "2024.02.12"]
[Round "3.8"]
[White "Marin Lopez, Jeronimo"]
[Black "Martin Rodriguez, Emilio"]
[Result "0-1"]
[WhiteElo "1797"]
[BlackElo "1964"]
[PlyCount "32"]
[EventDate "2024.02.05"]
[EventType "swiss"]
[EventRounds "9"]
[EventCountry "ESP"]
[SourceTitle "Ajedrez en Madrid"]
[Source "lmi"]
[SourceDate "2024.02.06"]
[SourceVersion "1"]
[SourceVersionDate "2024.03.02"]
[SourceQuality "1"]

1. e4 c5 2. Nc3 Nc6 3. Bb5 e6 4. Bxc6 bxc6 5. d3 d5 6. e5 g6 7. f4 Ne7 8. Nf3
Nf5 9. O-O h5 10. b3 Be7 11. Qe1 c4 12. bxc4 dxc4 13. dxc4 Ba6 14. Qe4 Qb6+ 15.
Kh1 h4 16. Na4 Ng3+ 0-1

[Event "Madrid 2023-2024ch - Previa A"]
[Site "Madrid ESP"]
[Date "2024.02.12"]
[Round "3.9"]
[White "Gimenez Buiza, Fernando"]
[Black "Blazquez Sanz, Oscar"]
[Result "0-1"]
[WhiteElo "1745"]
[BlackElo "1924"]
[PlyCount "74"]
[EventDate "2024.02.05"]
[EventType "swiss"]
[EventRounds "9"]
[EventCountry "ESP"]
[SourceTitle "Ajedrez en Madrid"]
[Source "lmi"]
[SourceDate "2024.02.06"]
[SourceVersion "1"]
[SourceVersionDate "2024.03.02"]
[SourceQuality "1"]

1. d4 Nf6 2. Nc3 d5 3. Bf4 e6 4. e3 c5 5. Nb5 Na6 6. c3 Bd7 7. a4 cxd4 8. exd4
Be7 9. Bd3 O-O 10. h4 Bxb5 11. axb5 Nc7 12. b6 axb6 13. Rxa8 Nxa8 14. g4 Bd6
15. Be5 Ne4 16. g5 Qc7 17. Bxd6 Qxd6 18. Qg4 e5 19. f3 f5 20. Qg2 exd4 21. fxe4
dxe4 22. Bc4+ Kh8 23. Ne2 dxc3 24. bxc3 Qc6 25. Bb3 f4 26. Nd4 Qxc3+ 27. Qd2
Qa1+ 28. Qd1 Qa5+ 29. Qd2 Qe5 30. Qb4 Rd8 31. Nc2 f3 32. Kf2 Qf4 33. Ne3 Rd3
34. Nd5 Rxd5 35. Qc4 e3+ 36. Kf1 Qxc4+ 37. Bxc4 Rd1# 0-1

[Event "Madrid 2023-2024ch - Previa A"]
[Site "Madrid ESP"]
[Date "2024.02.12"]
[Round "3.10"]
[White "Lopez de Turiso Sanchez, Jose An"]
[Black "Fernandez Garcia, Ignacio"]
[Result "1-0"]
[WhiteElo "1915"]
[BlackElo "1795"]
[PlyCount "93"]
[EventDate "2024.02.05"]
[EventType "swiss"]
[EventRounds "9"]
[EventCountry "ESP"]
[SourceTitle "Ajedrez en Madrid"]
[Source "lmi"]
[SourceDate "2024.02.06"]
[SourceVersion "1"]
[SourceVersionDate "2024.03.02"]
[SourceQuality "1"]

1. c4 e5 2. Nc3 Nf6 3. Nf3 d6 4. d4 exd4 5. Nxd4 Be7 6. g3 O-O 7. Bg2 c6 8. O-O
Na6 9. b3 Nc5 10. Bb2 Re8 11. Qc2 Bf8 12. Rad1 Bg4 13. h3 Bd7 14. Kh2 g6 15. e4
Bg7 16. f4 Ne6 17. Nxe6 Bxe6 18. e5 Bf5 19. Qf2 Nd7 20. Rxd6 Qa5 21. Rfd1 Nxe5
22. fxe5 Bxe5 23. R6d3 Bxd3 24. Rxd3 Qc7 25. Ne4 Bxb2 26. Qxb2 Qe5 27. Nf6+ Kg7
28. Nxe8+ Rxe8 29. Qxe5+ Rxe5 30. Bf3 Re7 31. Kg2 h5 32. Kf2 Rc7 33. c5 Re7 34.
Re3 Rd7 35. Ke2 Kf8 36. Rd3 Re7+ 37. Kd2 Rc7 38. Re3 Rd7+ 39. Kc3 Rc7 40. b4
Rd7 41. a4 a6 42. h4 Rc7 43. Kc4 Rd7 44. b5 axb5+ 45. axb5 Rc7 46. Kb4 Rc8 47.
Ka5 1-0

[Event "Madrid 2023-2024ch - Previa A"]
[Site "Madrid ESP"]
[Date "2024.02.12"]
[Round "3.11"]
[White "Alvarez Abejon, Amilcar"]
[Black "De Vicente Guijarro, Juan"]
[Result "0-1"]
[WhiteElo "1874"]
[BlackElo "1768"]
[PlyCount "42"]
[EventDate "2024.02.05"]
[EventType "swiss"]
[EventRounds "9"]
[EventCountry "ESP"]
[SourceTitle "Ajedrez en Madrid"]
[Source "lmi"]
[SourceDate "2024.02.06"]
[SourceVersion "1"]
[SourceVersionDate "2024.03.02"]
[SourceQuality "1"]

1. c4 e5 2. Nc3 Nf6 3. Nf3 Nc6 4. e3 Bb4 5. Qc2 O-O 6. Nd5 Bc5 7. Qf5 Nxd5 8.
cxd5 d6 9. Qc2 Nb4 10. Qb3 e4 11. Nd4 Qg5 12. Nb5 Nxd5 13. h4 Qe5 14. Bc4 Be6
15. d4 exd3 16. Qxd3 Nf4 17. Qc2 Bb4+ 18. Kf1 d5 19. Bb3 Bf5 20. Qxc7 Bd3+ 21.
Kg1 Ne2+ 0-1

[Event "Madrid 2023-2024ch - Previa A"]
[Site "Madrid ESP"]
[Date "2024.02.12"]
[Round "3.12"]
[White "Vazquez Gonzalez, Jesus"]
[Black "Guardiola Sevilla, Antonio"]
[Result "1/2-1/2"]
[WhiteElo "1945"]
[BlackElo "1607"]
[PlyCount "133"]
[EventDate "2024.02.05"]
[EventType "swiss"]
[EventRounds "9"]
[EventCountry "ESP"]
[SourceTitle "Ajedrez en Madrid"]
[Source "lmi"]
[SourceDate "2024.02.06"]
[SourceVersion "1"]
[SourceVersionDate "2024.03.02"]
[SourceQuality "1"]

1. e4 c5 2. Bd3 Nc6 3. c3 d5 4. Nf3 Bg4 5. Qe2 dxe4 6. Bxe4 Qd7 7. O-O Nf6 8.
Bc2 e6 9. d3 Bd6 10. Na3 Rc8 11. Nc4 b5 12. Nxd6+ Qxd6 13. h3 Bh5 14. Re1 O-O
15. Qe3 Nd5 16. Qe4 Bg6 17. Qh4 c4 18. dxc4 Bxc2 19. cxd5 Qxd5 20. Be3 Bg6 21.
Nd4 Nxd4 22. Bxd4 a6 23. b3 f6 24. f4 Rfe8 25. Qg3 b4 26. Rad1 bxc3 27. Bxc3
Qc5+ 28. Bd4 Qc2 29. Qf2 Qxf2+ 30. Kxf2 Rc2+ 31. Re2 Rxe2+ 32. Kxe2 e5 33. fxe5
fxe5 34. Bc3 Re6 35. Ke3 Kf7 36. Rd7+ Kf6 37. g4 Bb1 38. a3 Rc6 39. Kd2 Be4 40.
h4 h6 41. g5+ hxg5 42. hxg5+ Kxg5 43. Rxg7+ Kf6 44. Rg8 Bd5 45. Rf8+ Ke7 46.
Rb8 e4 47. Bd4 Kd7 48. b4 Bc4 49. Ke3 Bd3 50. Rg8 Re6 51. Rg5 Kc6 52. Kf4 Kb7
53. Rc5 Rd6 54. Be5 Rd7 55. a4 Rf7+ 56. Ke3 Rf3+ 57. Kd4 Rf7 58. a5 Rd7+ 59.
Ke3 Rf7 60. Rd5 Rf3+ 61. Kd4 Bb5 62. Rd6 Rd3+ 63. Kxe4 Rxd6 64. Bxd6 Kc6 65.
Bf8 Bc4 66. Kd4 Bb5 67. Bc5 1/2-1/2

[Event "Madrid 2023-2024ch - Previa A"]
[Site "Madrid ESP"]
[Date "2024.02.12"]
[Round "3.13"]
[White "Diaz Garcia-Heras, Jose J."]
[Black "Cabanas Bravo, Juan Andres"]
[Result "1-0"]
[WhiteElo "1697"]
[BlackElo "1906"]
[PlyCount "59"]
[EventDate "2024.02.05"]
[EventType "swiss"]
[EventRounds "9"]
[EventCountry "ESP"]
[SourceTitle "Ajedrez en Madrid"]
[Source "lmi"]
[SourceDate "2024.02.06"]
[SourceVersion "1"]
[SourceVersionDate "2024.03.02"]
[SourceQuality "1"]

1. e4 e5 2. Nf3 Nc6 3. Bc4 Bc5 4. O-O Nf6 5. d3 d6 6. Be3 Bb6 7. h3 Ne7 8. Nc3
c6 9. Ng5 O-O 10. Bxb6 axb6 11. f4 exf4 12. Rxf4 Ng6 13. Rf1 Ra5 14. Nf3 Rh5
15. Nh2 b5 16. Bb3 Qb6+ 17. Kh1 Rh4 18. Nf3 Bg4 19. Qd2 Rh6 20. Nh2 Rh4 21.
Rxf6 gxf6 22. Nxg4 Kg7 23. Rf1 Qd4 24. Qf2 Qxf2 25. Rxf2 Ne7 26. Ne3 Rh5 27.
Nf5+ Kg6 28. Nxd6 b4 29. Ne2 b5 30. Nf4+ 1-0

[Event "Madrid 2023-2024ch - Previa A"]
[Site "Madrid ESP"]
[Date "2024.02.12"]
[Round "3.14"]
[White "Martin Martin, Luis Vicente"]
[Black "Garcia Gonzalez, Pedro A."]
[Result "1/2-1/2"]
[WhiteElo "1884"]
[BlackElo "1694"]
[PlyCount "144"]
[EventDate "2024.02.05"]
[EventType "swiss"]
[EventRounds "9"]
[EventCountry "ESP"]
[SourceTitle "Ajedrez en Madrid"]
[Source "lmi"]
[SourceDate "2024.02.06"]
[SourceVersion "1"]
[SourceVersionDate "2024.03.02"]
[SourceQuality "1"]

1. d4 d5 2. Bf4 Nf6 3. e3 c5 4. c3 Nc6 5. Nd2 e6 6. Ngf3 Nh5 7. Bg5 Be7 8. Bxe7
Qxe7 9. Ne5 Nxe5 10. dxe5 g6 11. Be2 Ng7 12. O-O O-O 13. Nf3 Bd7 14. Qb3 Bc6
15. Qa3 Rfe8 16. b4 b6 17. bxc5 Qxc5 18. Qb4 Qxb4 19. cxb4 Bb7 20. Rac1 Rec8
21. Nd4 a6 22. a3 Kf8 23. Rfd1 Ke7 24. g3 Ne8 25. f4 Ng7 26. Kf2 Kd7 27. g4 h6
28. Ke1 Ne8 29. Kd2 Ng7 30. Rxc8 Rxc8 31. Rc1 Rxc1 32. Kxc1 Ke7 33. Nf3 Kd7 34.
Bd3 Ke7 35. Kd2 Kd7 36. Kc3 Ke7 37. Kd4 Kd7 38. Nh4 Ke7 39. f5 gxf5 40. gxf5
exf5 41. Bxf5 Ne6+ 42. Bxe6 fxe6 43. Ng6+ Kf7 44. Nf4 Bc6 45. Kc3 a5 46. bxa5
bxa5 47. Kd4 a4 48. Kc5 Bd7 49. Kd6 Bc8 50. Ne2 Ke8 51. Nc3 Bd7 52. Kc5 Kf7 53.
Kb4 Kg6 54. Nxa4 Kf5 55. Nc5 Bc6 56. a4 Kxe5 57. a5 Kd6 58. a6 Ba8 59. Kb5 e5
60. Kb6 d4 61. exd4 exd4 62. a7 Kd5 63. Kb5 Kd6 64. Kc4 Kc6 65. Kxd4 Kb6 66.
Nd7+ Kxa7 67. Nf6 Bf3 68. h4 Kb6 69. Ng8 h5 70. Ke3 Bd1 71. Kf4 Kc6 72. Nf6 Kd6
1/2-1/2

[Event "Madrid 2023-2024ch - Previa A"]
[Site "Madrid ESP"]
[Date "2024.02.12"]
[Round "3.15"]
[White "Perez Hernandez, Alfonso"]
[Black "Moreno Torrero, Javier"]
[Result "0-1"]
[WhiteElo "1658"]
[BlackElo "1879"]
[PlyCount "46"]
[EventDate "2024.02.05"]
[EventType "swiss"]
[EventRounds "9"]
[EventCountry "ESP"]
[SourceTitle "Ajedrez en Madrid"]
[Source "lmi"]
[SourceDate "2024.02.06"]
[SourceVersion "1"]
[SourceVersionDate "2024.03.02"]
[SourceQuality "1"]

1. c4 e5 2. Nc3 Nc6 3. g3 g6 4. Bg2 Bg7 5. e4 d6 6. Nge2 Nge7 7. d3 O-O 8. O-O
f5 9. f4 Kh8 10. Rb1 fxe4 11. dxe4 a5 12. Be3 Be6 13. Nd5 Nb4 14. a3 Na6 15. b4
axb4 16. axb4 c6 17. Nb6 Rb8 18. Qc2 c5 19. bxc5 dxc5 20. Rfd1 Qe8 21. Nc3 Nc6
22. Nca4 Nd4 23. Qc1 Ne2+ 0-1

[Event "Madrid 2023-2024ch - Previa A"]
[Site "Madrid ESP"]
[Date "2024.02.12"]
[Round "3.16"]
[White "Moya Barba, Diego"]
[Black "Cujba, Anca-Claudia"]
[Result "1-0"]
[WhiteElo "1844"]
[BlackElo "1633"]
[PlyCount "91"]
[EventDate "2024.02.05"]
[EventType "swiss"]
[EventRounds "9"]
[EventCountry "ESP"]
[SourceTitle "Ajedrez en Madrid"]
[Source "lmi"]
[SourceDate "2024.02.06"]
[SourceVersion "1"]
[SourceVersionDate "2024.03.02"]
[SourceQuality "1"]

1. Nf3 Nf6 2. d4 g6 3. c4 Bg7 4. Nc3 d6 5. e4 O-O 6. h3 e5 7. d5 Nh5 8. g3 f5
9. exf5 gxf5 10. Nh4 Qe8 11. Nxf5 Bxf5 12. g4 Nf4 13. gxf5 Rxf5 14. Ne4 Qg6 15.
Qg4 Na6 16. Bxf4 exf4 17. Bd3 Qxg4 18. hxg4 Rf7 19. O-O-O Nb4 20. Bb1 Re7 21.
a3 Na2+ 22. Bxa2 Rxe4 23. f3 Re2 24. Rd2 Bxb2+ 25. Kd1 Rxd2+ 26. Kxd2 Bxa3 27.
Bb1 Bb4+ 28. Kd1 h6 29. Rxh6 Bc3 30. Rh7 Bg7 31. Rh5 Rf8 32. Bf5 Rf6 33. Be6+
Kf8 34. g5 Rxe6 35. dxe6 a5 36. Rh7 Be5 37. Rxc7 d5 38. Rf7+ Ke8 39. cxd5 b5
40. g6 a4 41. g7 Bxg7 42. Rxg7 a3 43. d6 Kf8 44. Rf7+ Ke8 45. Ra7 b4 46. Ra8#
1-0

[Event "Madrid 2023-2024ch - Previa A"]
[Site "Madrid ESP"]
[Date "2024.02.12"]
[Round "3.17"]
[White "Ramos Antona, Enrique"]
[Black "Arevillca Colque, Jonatan"]
[Result "0-1"]
[WhiteElo "1548"]
[BlackElo "1835"]
[PlyCount "126"]
[EventDate "2024.02.05"]
[EventType "swiss"]
[EventRounds "9"]
[EventCountry "ESP"]
[SourceTitle "Ajedrez en Madrid"]
[Source "lmi"]
[SourceDate "2024.02.06"]
[SourceVersion "1"]
[SourceVersionDate "2024.03.02"]
[SourceQuality "1"]

1. Nf3 Nf6 2. g3 d5 3. Bg2 e6 4. b3 Bd6 5. Bb2 c5 6. O-O Nc6 7. d3 e5 8. Nbd2
Be6 9. Rc1 Qd7 10. c4 d4 11. Ng5 Bg4 12. Nge4 Nxe4 13. Nxe4 f5 14. Nxd6+ Qxd6
15. Qd2 O-O 16. f3 Bh5 17. Qg5 Bg6 18. Qd2 f4 19. g4 Rfb8 20. h4 Qf6 21. Qe1
Ne7 22. Bh3 h5 23. Qf2 a5 24. a4 Qb6 25. Rb1 Ra6 26. Qg2 Qf6 27. Qf2 Kf7 28.
Ba3 Rc6 29. g5 Qd6 30. Qe1 Ra8 31. Bc1 Nf5 32. Bxf5 Bxf5 33. Kh2 Bd7 34. Qf2
Rb6 35. Rg1 Kg6 36. Bd2 Qe6 37. Rh1 Rc6 38. Kg2 Rcc8 39. Qe1 Qb6 40. Kf2 Rf8
41. Qc1 Rae8 42. Qe1 Ra8 43. Qc1 Qc7 44. Qe1 b6 45. Qc1 Rae8 46. Kg2 Bc6 47.
Rf1 Qd7 48. Qe1 Rf7 49. Rd1 Ref8 50. Bc1 Qf5 51. Qf2 Qe6 52. Qe1 Qe7 53. Kh2
Bb7 54. Kg2 Qe6 55. Rh1 Bc6 56. Rf1 Bb7 57. Bd2 e4 58. dxe4 Bxe4 59. Qf2 Bc2
60. Ra1 Bxb3 61. Rfc1 Bxc4 62. Rab1 Bd5 63. Rb2 Rb7 0-1

[Event "Madrid 2023-2024ch - Previa A"]
[Site "Madrid ESP"]
[Date "2024.02.12"]
[Round "3.18"]
[White "Ortega Molina, Tomas"]
[Black "Ramirez Bulnes, Joaquin"]
[Result "0-1"]
[WhiteElo "1538"]
[BlackElo "1806"]
[PlyCount "92"]
[EventDate "2024.02.05"]
[EventType "swiss"]
[EventRounds "9"]
[EventCountry "ESP"]
[SourceTitle "Ajedrez en Madrid"]
[Source "lmi"]
[SourceDate "2024.02.06"]
[SourceVersion "1"]
[SourceVersionDate "2024.03.02"]
[SourceQuality "1"]

1. d4 d5 2. c4 c6 3. Nc3 Nf6 4. Nf3 dxc4 5. e4 b5 6. a3 Bg4 7. Be2 Nbd7 8. O-O
e6 9. Bg5 Be7 10. h3 Bxf3 11. Bxf3 O-O 12. d5 exd5 13. exd5 Nxd5 14. Bxe7 Nxe7
15. Qd6 Nb6 16. Rad1 Qxd6 17. Rxd6 Rad8 18. Rfd1 Ned5 19. Rxc6 Nxc3 20. Rxd8
Rxd8 21. bxc3 Na4 22. Rc7 Nxc3 23. Rxa7 Rb8 24. Kf1 Rd8 25. Ke1 g6 26. Ra5 Kg7
27. Ra6 Kf8 28. Ra7 Rd6 29. Rb7 Re6+ 30. Kd2 Nb1+ 31. Kc2 Re1 32. Ra7 c3 33.
Bd5 f5 34. Bc6 Rf1 35. Bxb5 Rxf2+ 36. Kxb1 Rb2+ 37. Kc1 Rxb5 38. a4 Rb2 39. a5
Rxg2 40. a6 f4 41. Rxh7 Ra2 42. a7 f3 43. a8=Q+ Rxa8 44. Rh8+ Kg7 45. Rxa8 f2
46. Ra7+ Kf6 0-1

[Event "Madrid 2023-2024ch - Previa A"]
[Site "Madrid ESP"]
[Date "2024.02.12"]
[Round "3.19"]
[White "Vukotic Jovsic, Dragan"]
[Black "Diaz Ramirez, Jaime"]
[Result "1-0"]
[WhiteElo "1800"]
[BlackElo "1548"]
[PlyCount "39"]
[EventDate "2024.02.05"]
[EventType "swiss"]
[EventRounds "9"]
[EventCountry "ESP"]
[SourceTitle "Ajedrez en Madrid"]
[Source "lmi"]
[SourceDate "2024.02.06"]
[SourceVersion "1"]
[SourceVersionDate "2024.03.02"]
[SourceQuality "1"]

1. Nf3 Nc6 2. d4 d5 3. Bf4 Nf6 4. e3 e6 5. c3 Bd6 6. Ne5 Bxe5 7. dxe5 Nd7 8.
Qg4 Ncxe5 9. Qxg7 Qf6 10. Qxf6 Nd3+ 11. Bxd3 Nxf6 12. Bxc7 Rg8 13. O-O h5 14.
f3 Kd7 15. Be5 Ne8 16. c4 dxc4 17. Bxc4 Ke7 18. Rd1 b6 19. Bb5 Kf8 20. Bc6 1-0

[Event "Madrid 2023-2024ch - Previa A"]
[Site "Madrid ESP"]
[Date "2024.02.12"]
[Round "3.20"]
[White "Iribarren Galarza, Aritz"]
[Black "Pinto Fernandez, Silvio"]
[Result "1-0"]
[WhiteElo "1777"]
[BlackElo "1530"]
[PlyCount "99"]
[EventDate "2024.02.05"]
[EventType "swiss"]
[EventRounds "9"]
[EventCountry "ESP"]
[SourceTitle "Ajedrez en Madrid"]
[Source "lmi"]
[SourceDate "2024.02.06"]
[SourceVersion "1"]
[SourceVersionDate "2024.03.02"]
[SourceQuality "1"]

1. e4 c5 2. Nc3 d6 3. f4 Nc6 4. Nf3 e6 5. Bb5 a6 6. Bxc6+ bxc6 7. O-O Ne7 8. d3
Rb8 9. Qe1 g6 10. Ne2 Bg7 11. c3 O-O 12. Qh4 f5 13. e5 d5 14. Be3 Rxb2 15. Bxc5
Rb7 16. Ned4 Re8 17. Ng5 h6 18. Ngxe6 Qa5 19. Rfc1 Bxe6 20. Nxe6 Nc8 21. Nxg7
Qxc5+ 22. d4 Qe7 23. Nxf5 gxf5 24. Qxh6 Qe6 25. Qxe6+ Rxe6 26. Rab1 Ree7 27.
Kf2 Nb6 28. Rb3 Nc4 29. Rcb1 Rxb3 30. Rxb3 Kf7 31. h3 Ke6 32. g4 Nd2 33. Rb6
Ne4+ 34. Kg2 Kd7 35. Rxa6 fxg4 36. hxg4 Nxc3 37. f5 Nb5 38. Ra4 Rg7 39. Kg3 Rg8
40. Kf4 Ke7 41. Rb4 Ra8 42. a4 Nc3 43. g5 Rxa4 44. Rxa4 Nxa4 45. g6 Nb6 46. f6+
Kf8 47. e6 Nc8 48. Ke5 Nb6 49. Kd6 c5 50. Kxc5 1-0